The Everyday Writer (Record no. 22263)

MARC details
000 -LEADER
fixed length control field 00650nam a22002177a 4500
003 - CONTROL NUMBER IDENTIFIER
control field OSt
005 - DATE AND TIME OF LATEST TRANSACTION
control field 20260518111739.0
008 - FIXED-LENGTH DATA ELEMENTS--GENERAL INFORMATION
fixed length control field 260518b |||||||| |||| 00| 0 eng d
020 ## - INTERNATIONAL STANDARD BOOK NUMBER
International Standard Book Number 0-312-43712-9
040 ## - CATALOGING SOURCE
Transcribing agency Chuka University Library
050 ## - LIBRARY OF CONGRESS CALL NUMBER
Classification number PE 1408 .L87 2005
100 ## - MAIN ENTRY--PERSONAL NAME
Personal name Lunsford A. Andrea
9 (RLIN) 24979
245 ## - TITLE STATEMENT
Title The Everyday Writer
250 ## - EDITION STATEMENT
Edition statement 3
260 ## - PUBLICATION, DISTRIBUTION, ETC.
Place of publication, distribution, etc. Boston New York
Name of publisher, distributor, etc. Bedford/ ST. Martin`s
300 ## - PHYSICAL DESCRIPTION
Extent 520p
Other physical details Various illustrations
650 ## - SUBJECT ADDED ENTRY--TOPICAL TERM
Topical term or geographic name entry element English Language ......Rhetoric
9 (RLIN) 15689
650 ## - SUBJECT ADDED ENTRY--TOPICAL TERM
Topical term or geographic name entry element English Language........ composition and exercises
9 (RLIN) 24980
650 ## - SUBJECT ADDED ENTRY--TOPICAL TERM
Topical term or geographic name entry element Academic Writing
9 (RLIN) 9280
942 ## - ADDED ENTRY ELEMENTS (KOHA)
Source of classification or shelving scheme Library of Congress Classification
Koha item type Long Loan Books
Suppress in OPAC No
Holdings
Withdrawn status Lost status Source of classification or shelving scheme Damaged status Not for loan Home library Current library Date acquired Total Checkouts Full call number Barcode Date last seen Price effective from Koha item type
    Library of Congress Classification     Main Campus Library Main Campus Library 18/05/2026   PE 1408 .L87 2005 31686/2026 18/05/2026 18/05/2026 Long Loan Books

Powered by Koha